000 00589nam a2200217 a 4500
005 20260322212032.0
008 data
010 _a85-48235
020 _a0553051350
020 _a978-0-553-05135-3
090 _aHQ 1206 F67 1986
100 1 _aForward, Susan
245 1 0 _aMen who hate women & the women who love them/
_cSusan Forward.
260 _aNew York
_bBantam Books
_cc1986
300 _a294 p.
500 _aBibliography: p. 289-294.
650 0 2 _aMen
_zUnited States
_xpsychology
650 4 _aMisogyny
_zUnited States
650 0 2 _aWomen
_zUnited States
_xpsychology
001 data
999 _c736
_d736